| 000 | 00556nam a2200193 a 4500 | ||
|---|---|---|---|
| 005 | 20140310183546.0 | ||
| 008 | 110928s19uu xx 00 eng d | ||
| 020 | _a9780071284523 | ||
| 050 |
_aQC 23.2 _b.G75 2009 |
||
| 100 | _aGriffith, W. Thomas | ||
| 245 |
_aPhysics : _bof everyday phenomena / _cW. Thomas Griffith and Juliet W. Brosing. |
||
| 250 | _a6th ed. | ||
| 260 |
_aBoston : _bMcGraw Hill, _c2009. |
||
| 300 |
_a512 p. : _bcol. ill. ; _c29 cm. |
||
| 650 | _aPhysics | ||
| 700 | _aBrosing, Juliet | ||
| 942 |
_cBK _2lcc _kFOR |
||
| 999 |
_c24876 _d24876 |
||